| 000 | 00728nam a2200217Ii 4500 | ||
|---|---|---|---|
| 003 | JO-AjNU | ||
| 008 | 230605s9999||||xx |||||||||||||| ||und|| | ||
| 020 | _a9957-07-347-8 | ||
| 040 |
_aJO-AjNU _bara _erda _cJO-AjNU |
||
| 041 | _aara | ||
| 050 | 1 | 4 | _aLC903 2003 |
| 100 | 3 |
_aعمر بن إبراهيم مصنف/آل سلمان، مشهور بن حسن مقدم, _eauthor _939801 |
|
| 245 | 0 | 0 | _aنصيحتي للآباء والمربين |
| 250 | _aط1 | ||
| 264 | 3 | 1 | _aعمان:دار الفكر:2003 |
| 300 | _a158ص | ||
| 336 |
_atext _btxt _2rdacontent |
||
| 337 |
_aunmediated _bn _2rdamedia |
||
| 338 |
_avolume _bnc _2rdacarrier |
||
| 650 | 4 |
_aالآباء والمربين-إرشاد ونصائح-تربية _939802 |
|
| 999 |
_aA16840 _c20408 _d20408 |
||